[Event "RUS-chT (Women)"]
[Site "Sochi"]
[Date "2019.05.09"]
[Round "8.4"]
[White "Eryshkanova, Anastasiya"]
[Black "Makarova, Ekaterina"]
[Result "1-0"]
[WhiteElo "2187"]
[BlackElo "1630"]
[PlyCount "73"]
[EventDate "2019.05.01"]
[EventType "team-swiss"]
[EventRounds "9"]
[EventCountry "RUS"]
[SourceTitle "CBM 190 Extra"]
[Source "ChessBase"]
[SourceDate "2019.07.15"]
[SourceVersion "1"]
[SourceVersionDate "2019.07.15"]
[SourceQuality "1"]
[WhiteTeam "Moscow Region (W)"]
[BlackTeam "Altai Territory (W)"]
[WhiteTeamCountry "RUS"]
[BlackTeamCountry "RUS"]

1. c4 e5 2. a3 Nf6 3. e3 d6 4. Nc3 Be7 5. Be2 Bf5 6. b4 Nbd7 7. d3 e4 8. Bb2 exd3 9. Bxd3 Bxd3 10. Qxd3 Ne5 11. Qe2 c5 12. b5 a6 13. f4 Ned7 14. bxa6 Rxa6 15. Nf3 Nb6 16. 0-0 0-0 17. e4 Na4 18. Nxa4 Rxa4 19. e5 dxe5 20. fxe5 Nd7 21. e6 Nb8 22. Rfd1 Qb6 23. exf7+ Rxf7 24. Ne5 Rf8 25. Ng4 Nc6 26. Rd7 Raa8 27. Qe6+ Kh8 28. Bxg7+ Kxg7 29. Rxe7+ Kh8 30. Nf6 Nxe7 31. Qxb6 Ra6 32. Qxc5 Raxf6 33. Qxe7 R8f7 34. Qe5 Kg8 35. Rd1 Rf5 36. Rd8+ Rf8 37. Qxf5 1-0